An Account of Dundees rendezvouse, and the French & Irish landing place in Scotland : viz., the North and West High-lands, with an account of the clans.

Bibliographic Details
Format: Microform Book
Language:English
Series:Early English books, 1641-1700 ; 2:19.
Subjects:

MARC

Tag First Indicator Second Indicator Subfields
LEADER 00000cam a2200000 a 4500
001 in00000954875
005 20160226120007.0
007 hd afv|||baca
008 851227s1689 miu a 00000 eng d
035 |a (OCoLC)12957187 
035 |9 AEV5298AM 
037 |a CL0037000001  |b UMI 
037 |b University Microfilms International, 300 N. Zeeb Rd., Ann Arbor, MI 48106 
040 |a EAA  |c EAA  |d m/c  |d UtOrBLW 
043 |a e-uk-st 
045 0 |b d168907 
049 |a TXAI 
099 |a film   |a  B   |a  3609 
245 0 3 |a An Account of Dundees rendezvouse, and the French & Irish landing place in Scotland :  |b viz., the North and West High-lands, with an account of the clans. 
264 3 |a London :  |b Printed for W. Brown ...,  |c 1689. 
300 |a 1 sheet (2 unnumbered pages) 
336 |a text  |b txt  |2 rdacontent 
337 |a microform  |b h  |2 rdamedia 
338 |a microfilm reel  |b hd  |2 rdacarrier 
500 |a "Licens'd, July 17th, 1689" 
500 |a Reproduction of original in Huntington Library. 
510 4 |a Wing  |c A204 
533 |a Microfilm.  |b Ann Arbor, Mich. :  |c University Microfilms,  |d 1961.  |e 1 microfilm reel ; 35 mm.  |f (Early English books, 1641-1700 ; 2:19) 
500 |a Microform. 
600 1 0 |a Graham, John,  |c Viscount Dundee,  |d 1648-1689. 
651 0 |a Highlands (Scotland)  |x Description and travel. 
651 0 |a Scotland  |x History  |y 1689-1745. 
655 7 |a Broadsides  |z England  |y 17th century.  |2 rbgenr 
830 0 |a Early English books, 1641-1700 ;  |v 2:19. 
999 |a MARS 
999 f f |s 9356bee0-4f0e-33cc-a5d4-f996958cb5f9  |i 5e395527-4edd-332e-85b2-54768a1318a0  |t 0 
952 f f |p default  |a Texas A&M University  |b College Station  |c Sterling C. Evans Library  |d Evans: Microforms (3rd floor)  |t 0  |e film B 3609 2:19  |h Other scheme  |i microform -- microfilm reel 
998 f f |a film B 3609 2:19  |t 0  |l Evans: Microforms (3rd floor)